000 00650nam a2200169Ia 4500
008 090711s9999 xx 000 0 und d
082 _b461
100 _aफुटाणे रामदास
245 _aभारत कधीकधी माझा देश आहे
260 _bश्रीविद्या प्रकाशन
_c1997
300 _a96
600 _aफुटाणे रामदास
630 _aभारत कधीकधी माझा देश आहे
700 _aफुटाणे रामदास
730 _aभारत कधीकधी माझा देश आहे
942 _cBOOK
999 _c323962
_d323962